| 000 -LEADER |
| fixed length control field |
00966nam a2200265 4500 |
| 008 - FIXED-LENGTH DATA ELEMENTS--GENERAL INFORMATION |
| fixed length control field |
250529b xxu||||| |||| 00| 0 eng d |
| 040 ## - CATALOGING SOURCE |
| Original cataloging agency |
Cagayan State University |
| 082 ## - DEWEY DECIMAL CLASSIFICATION NUMBER |
| Classification number |
791.4372 |
| Item number |
C859 |
| 245 ## - TITLE STATEMENT |
| Title |
The Courier 2020 / directed by Dominic Cooke ; written by Tom O'Connor ; produce by Adam Ackland, Rory Aitken, Ben Browning, Ben Pugh |
| 300 ## - PHYSICAL DESCRIPTION |
| Extent |
1 videofile, (ca.111 min) ; |
| Other physical details |
sound, color. |
| 520 ## - SUMMARY, ETC. |
| Summary, etc |
Businessman Greville Wynne is asked by a Russian source to try to help put an end to the Cuban Missile Crisis. |
| 546 ## - LANGUAGE NOTE |
| Language note |
in English subtitle |
| 650 ## - SUBJECT ADDED ENTRY--TOPICAL TERM |
| Topical term or geographic name as entry element |
Drama |
| 650 ## - SUBJECT ADDED ENTRY--TOPICAL TERM |
| Topical term or geographic name as entry element |
History |
| 650 ## - SUBJECT ADDED ENTRY--TOPICAL TERM |
| Topical term or geographic name as entry element |
Mystery |
| 700 ## - ADDED ENTRY--PERSONAL NAME |
| Personal name |
Cumberbatch, Benedict star. |
| 700 ## - ADDED ENTRY--PERSONAL NAME |
| Personal name |
Ninidze, Merab star. |
| 700 ## - ADDED ENTRY--PERSONAL NAME |
| Personal name |
Brosnahan, Rachel star. |
| 700 ## - ADDED ENTRY--PERSONAL NAME |
| Personal name |
Buckley, Jessie star. |
| 700 ## - ADDED ENTRY--PERSONAL NAME |
| Personal name |
Wright, Angus star. |
| 700 ## - ADDED ENTRY--PERSONAL NAME |
| Personal name |
Bobbitt, Sean cinematography |
| 700 ## - ADDED ENTRY--PERSONAL NAME |
| Personal name |
Anwar, Tariq editor |
| 700 ## - ADDED ENTRY--PERSONAL NAME |
| Personal name |
Scales, Gareth C. editor |
| 942 ## - ADDED ENTRY ELEMENTS (KOHA) |
| Source of classification or shelving scheme |
|
| Item type |
Audio-Visual Materials |